|
|
|
|
| LEADER |
01613nam a22002897a 4500 |
| 001 |
33739 |
| 003 |
BD-DhAAL |
| 005 |
20250623152232.0 |
| 008 |
181024t2015 bg a|||| ||||f00| 0 eng d |
| 020 |
|
|
|a 9879843396075
|
| 040 |
|
|
|a BD-DhAAL
|d BD-DhAAL
|
| 082 |
|
|
|a 614.425492021
|2 21
|
| 245 |
|
|
|a Report on health and morbidity status survey- 2014 /
|c Bangladesh Bureau of Statistics, Statistics and Informatics Division, Ministry of Planning, Government of the People's Republic of Bangladesh.
|
| 260 |
|
|
|a Dhaka :
|b Bangladesh Bureau of Statistics (BBS),
|c 2015.
|
| 300 |
|
|
|a xxxviii, 183 pages :
|b color illustrations ;
|c 28 cm.
|e + 1 CD-ROM (4 3/4 in.)
|
| 526 |
|
|
|a AAL
|
| 541 |
|
|
|a Development Book Agency
|e 33739
|
| 650 |
|
|
|a Health status indicators
|z Bangladesh.
|9 28594
|
| 650 |
|
|
|a Public health
|z Bangladesh
|v Statistics.
|9 28595
|
| 650 |
|
|
|a Health surveys
|z Bangladesh
|9 28596
|
| 651 |
|
|
|a Bangladesh
|v Statistics, Medical.
|9 28597
|
| 710 |
|
|
|a Bangladesh Bureau of Statistics,
|b Statistics and Informatics Division,
|b Ministry of Planning,
|b Government of the People's Republic of Bangladesh.
|9 28598
|
| 852 |
|
|
|a Ayesha Abed Library
|c General Stacks
|
| 942 |
|
|
|2 ddc
|c BK
|
| 999 |
|
|
|c 40025
|d 40025
|
| 952 |
|
|
|0 0
|1 0
|2 ddc
|4 0
|6 614_425492021000000_REP
|7 0
|9 64308
|a BRACUL
|b BRACUL
|c GEN
|d 2018-08-28
|e Development Book Agency
|g 400.00
|l 1
|m 1
|o 614.425492021 REP
|p 3010033739
|r 2024-01-20
|s 2023-10-25
|t 1
|v 400.00
|w 2018-08-28
|y BK
|
| 952 |
|
|
|0 0
|1 0
|2 ddc
|4 0
|6 614_425492021000000_REP
|7 0
|9 64523
|a BRACUL
|b BRACUL
|c AV
|d 2018-08-28
|e Development Book Agency
|g 400.00
|l 0
|o 614.425492021 REP
|p 4010033739
|r 2018-10-24
|t 1
|v 400.00
|w 2018-08-28
|y AV
|